Logo Biblioteca

La masculinidad incomodada / (Registro nro. 387)

Detalles MARC
000 -LEADER
fixed length control field 03802nam a22004217a 4500
003 - CONTROL NUMBER IDENTIFIER
control field AR-RoUNCS
005 - DATE AND TIME OF LATEST TRANSACTION
control field 20260506141348.0
007 - PHYSICAL DESCRIPTION FIXED FIELD--GENERAL INFORMATION
fixed length control field ta
008 - FIXED-LENGTH DATA ELEMENTS--GENERAL INFORMATION
fixed length control field 241120s2021 ag |||||r|||| 00| 0 spa d
020 ## - INTERNATIONAL STANDARD BOOK NUMBER
International Standard Book Number 9789877024302
040 ## - CATALOGING SOURCE
Transcribing agency AR-RoUNCS
Original cataloging agency AR-RoUNCS
Language of cataloging spa
041 ## - LANGUAGE CODE
Language code of text/sound track or separate title spa
245 03 - TITLE STATEMENT
Title La masculinidad incomodada /
Statement of responsibility, etc. compilador Luciano Fabbri.
260 ## - PUBLICATION, DISTRIBUTION, ETC.
Place of publication, distribution, etc. Rosario :
Name of publisher, distributor, etc. UNR Editora,
Date of publication, distribution, etc. i2021.
300 ## - PHYSICAL DESCRIPTION
Extent 253 p. :
Other physical details il. ;
Dimensions 21 cm.
505 0# - FORMATTED CONTENTS NOTE
Formatted contents note La masculinidad como proyecto político extractivista. Una propuesta de re-conceptualización / Fabbri, Luciano -- Varones atravesados por los feminismos. Desconstrucción, distancia y reforzamiento del género / Jones, Daniel y Blanco, Rafael -- ¿After chabones? Un intento de diálogo en la desorientación / Véliz, Ignacio y Castignani, Franco -- Ese deseo llamado Che Guevara. Para una crítica de la subjetivación militante en los varones cis-hetero de izquierdas en Argentina / Exposto, Emiliano -- Varones y feminismos. Entre la incomodidad, el miedo y el cinismo / Sánchez, Ariel y Vialey, Lucas Hernán -- Masculinidades en cuestión y síntomas de la solución paterna en psicoanálisis: incomodidades de una intensificación / Blestcher, Facundo -- Hacia una estrategia feminista interseccional para disputar los cuerpos masculinizados al patriarcado / Colectivo de Varones Antipatriarcales - CABA -- Con luz propia. Una posible figuración para las masculinidades lésbicas / Flores, Val -- Aborto y personas con capacidad de gestar. El problema del sujeto y los sujetos en problemas / Radi, Blas y Bassa, Ezequiel La masculinidad, ese fósil: una mirada sobre Petróleo de Piel de lava / Testa, SaSa -- El posmachismo: trampas y resistencias contra la igualdad / Lorente Acosta, Miguel -- La andrósfera / Petrocelli, Samir -- Backlash: los movimientos de varones enojados / Flood, Michael.-
520 ## - SUMMARY, ETC.
Summary, etc. La Masculinidad en singular, en tanto conjunto de normas y mandatos que buscan regular y disciplinar a las subjetividades masculinas en el marco de un sistema de opresiones múltiples, está siendo profundamente interpelada por los activismos de mujeres, feministas, personas LBGT+, masculinidades disidentes y antipatriarcales.<br/>En este escenario, los varones cisgénero, sobre todo heterosexuales, comparten la desorientación como común denominador, oscilando entre el enojo, la resistencia y las reacciones defensivas-ofensivas, por un lado, y ensayos personales y colectivos por reconfigurar las formas de ser y estar siendo varones en tiempos de convulsión feminista, por el otro.<br/>Las masculinidades no normativaas, históricamente negadas, abyectas, empujadas a los márgenes del universo de subjetividades, cuerpos e identidades reconocidaas como masculinas, empujan las fronteras políticas y epistémicas de estos campos de estudios y activismos, apostando a una actualización reparadora.<br/>Esta compilación de contribuciones originales, diversas y heterogéneas, viene a incomodar la biblioteca de las masculinidades en Argentina y en la región.
650 #7 - SUBJECT ADDED ENTRY--TOPICAL TERM
Topical term or geographic name entry element Feminismo
Source of heading or term embne
650 #7 - SUBJECT ADDED ENTRY--TOPICAL TERM
Topical term or geographic name entry element Sexismo
Source of heading or term embne
650 #7 - SUBJECT ADDED ENTRY--TOPICAL TERM
Topical term or geographic name entry element Masculinidad
Source of heading or term embne
700 1# - ADDED ENTRY--PERSONAL NAME
Personal name Fabbri, Luciano
Relator term compilador
-- autor
700 1# - ADDED ENTRY--PERSONAL NAME
Personal name Jones, Daniel
Relator term autor
700 1# - ADDED ENTRY--PERSONAL NAME
Personal name Blanco, Rafael
Relator term autor
700 1# - ADDED ENTRY--PERSONAL NAME
Personal name Véliz, Ignacio
Relator term autor
700 1# - ADDED ENTRY--PERSONAL NAME
Personal name Castignani, Franco
Relator term autor
700 1# - ADDED ENTRY--PERSONAL NAME
Personal name Exposto, Emiliano
Relator term autor
700 1# - ADDED ENTRY--PERSONAL NAME
Personal name Sánchez, Ariel
Relator term autor
700 1# - ADDED ENTRY--PERSONAL NAME
Personal name Vialey, Lucas Hernán
Relator term autor
700 1# - ADDED ENTRY--PERSONAL NAME
Personal name Blestcher, Facundo
Relator term autor
700 1# - ADDED ENTRY--PERSONAL NAME
Personal name Flores, Val
Relator term autor
700 1# - ADDED ENTRY--PERSONAL NAME
Personal name Radi, Blas
Relator term autor
700 1# - ADDED ENTRY--PERSONAL NAME
Personal name Bassa, Ezequiel
Relator term autor
700 1# - ADDED ENTRY--PERSONAL NAME
Personal name Testa, SaSa
Relator term autor
700 1# - ADDED ENTRY--PERSONAL NAME
Personal name Lorente Acosta, Miguel
Relator term autor
700 1# - ADDED ENTRY--PERSONAL NAME
Personal name Petrocelli, Samir
Relator term autor
700 1# - ADDED ENTRY--PERSONAL NAME
Personal name Flood, Michael
Relator term autor
942 ## - ADDED ENTRY ELEMENTS (KOHA)
Source of classification or shelving scheme Universal Decimal Classification
Koha item type Obra General
Suppress in OPAC No
Existencias
Withdrawn status Lost status Source of classification or shelving scheme Damaged status Not for loan Collection Home library Current library Date acquired Source of acquisition Total checkouts Full call number Barcode Date last seen Price effective from Koha item type
    Universal Decimal Classification     Colección General Biblioteca Escuela de Ciencias Sociales Biblioteca Escuela de Ciencias Sociales 22/04/2026 Donación 2026 Bartolacci   305 M395 000635 22/04/2026 22/04/2026 Obra General
Biblioteca de la Escuela Preuniversitaria en Ciencias Sociales y Humanísticas.
Riobamba 250 bis.
CP 2000 - Rosario - Santa Fe
E-Mail: biblioteca@esociales.unr.edu.ar